Statystyki dla Największe miasta w państwach #2 - Europa Zachodnia

Kliknij tutaj aby rozwiązać quiz!

Ogólne statystyki

  • Ten quiz został rozwiązany 1 710 razy
  • Średni wynik to 17 z 30

Statystyki odpowiedzi

PaństwoLpMiastaLudność% Poprawnych
Francja1.Paryż2 243 833
100%
Hiszpania1.Madryt2 284 110
99%
2.Barcelona1 605 602
97%
Holandia1.Amsterdam799 345
96%
5.Bruksela166 497
95%
Portugalia1.Lizbona547 733
95%
5.Berno125 681
88%
2.Marsylia850 726
85%
3.Lyon484 344
84%
2.Porto237 591
84%
2.Rotterdam615 726
74%
4.Sewilla1 335 037
67%
Szwajcaria1.Zurych376 990
65%
3.Haga505 568
63%
3.Walencja1 529 874
60%
Belgia1.Antwerpia502 604
56%
2.Genewa188 234
47%
5.Nicea343 304
47%
5.Braga121 100
41%
5.Eindhoven218 456
41%
5.Malaga1 070 240
38%
4.Tuluza441 802
36%
3.Bazylea164 516
35%
4.Liège195 576
30%
2.Gandawa248 242
23%
4.Utrecht321 989
21%
4.Lozanna129 383
18%
3.Charleroi203 871
12%
4.Amadora175 136
3%
3.Vila Nova de Gaia186 600
3%

Rozkład punktacji

Percentyl według liczby udzielonych odpowiedzi

Procent ludzi z każdym wynikiem

Twoja historia wyników

Nie rozwiązałeś tego quizu